[Event "C.to Italiano U16 femminile Finale"]
[Site "Porto San Giorgio ITA"]
[Date "1999.07.??"]
[Round "2"]
[White "Scalia, Roberta"]
[Black "Sedani, Elisa"]
[Result "1/2-1/2"]
[WhiteElo "1458"]
[BlackElo "1479"]
[PlyCount "132"]
[EventDate "1999.07.05"]

1.e4 e5 2.Nf3 Nc6 3.Bc4 Bc5 4.Nc3 Nf6 5.d3 O-O 6.Be3 Nd4 7.Nxe5 d6 8.Bxd4 
Bxd4 9.Nf3 Bg4 10.O-O h6 11.h3 Bxf3 12.Qxf3 Nh7 13.Kh1 Kh8 14.Qg4 Nf6 15.
Qe2 c6 16.Bb3 Nh7 17.f4 Qa5 18.Nd1 Rae8 19.c3 Bb6 20.d4 g5 21.fxg5 Qxg5 
22.Rxf7 Rxf7 23.Bxf7 Re7 24.Bb3 Nf6 25.Nf2 Bc7 26.Qf3 Rg7 27.Rf1 Qh4 28.g4
h5 29.Rg1 hxg4 30.Nxg4 Nxg4 31.Rxg4 Qe1+ 32.Kh2 Qd2+ 33.Rg2 Rxg2+ 34.Qxg2 
d5+ 35.e5 Qf4+ 36.Kh1 Qc1+ 37.Qg1 Qxb2 38.Qg4 Qc1+ 39.Bd1 Bd8 40.Qh5+ Kg8 
41.Qg4+ Kf8 42.e6 Ke7 43.h4 Kd6 44.h5 Bg5 45.Kg2 Qd2+ 46.Be2 Qf4 47.Qxf4+ 
Bxf4 48.Bg4 Bd2 49.Kf3 Bxc3 50.Ke3 b6 51.h6 c5 52.dxc5+ bxc5 53.Kd3 Bf6 
54.h7 c4+ 55.Kc2 a5 56.Bf5 a4 57.a3 Bh8 58.Bg4 Bf6 59.Bf5 Bh8 60.Bh3 Bf6 
61.Kd2 Bg5+ 62.Kc3 Bf6+ 63.Kb4 c3 64.Bf5 d4 65.Kxa4 c2 66.Bxc2 Kxe6 
1/2-1/2

[Event "C.to Italiano U16 femminile Finale"]
[Site "Porto San Giorgio ITA"]
[Date "1999.07.??"]
[Round "3"]
[White "Veltcheva, Mina"]
[Black "Scalia, Roberta"]
[Result "1-0"]
[WhiteElo "1545"]
[BlackElo "1458"]
[PlyCount "31"]
[EventDate "1999.07.05"]

1.c4 e5 2.Nc3 Nf6 3.e3 Bb4 4.Nge2 Nc6 5.g3 d6 6.Bg2 Be6 7.Nd5 Nxd5 8.cxd5 
Bd7 9.dxc6 Bxc6 10.Bxc6+ bxc6 11.Qc2 Qd7 12.O-O O-O 13.d4 Rae8 14.Qa4 a5 
15.a3 Rb8 16.axb4 1-0

[Event "C.to Italiano U14 Finale"]
[Site "Porto San Giorgio ITA"]
[Date "1999.07.??"]
[Round "1"]
[White "Forato, Piero"]
[Black "Lapiccirella, Daniele"]
[Result "0-1"]
[WhiteElo "1665"]
[BlackElo "1891"]
[PlyCount "78"]
[EventDate "1999.07.05"]

1.e4 c5 2.Nf3 e6 3.d4 cxd4 4.Nxd4 Nc6 5.Nb5 d6 6.N1c3 a6 7.Na3 b5 8.Ne2 
Bb7 9.f3 Qc7 10.Be3 Nf6 11.c4 bxc4 12.Nxc4 d5 13.Nb6 Rd8 14.exd5 Nxd5 15.
Nxd5 Rxd5 16.Qc2 Bb4+ 17.Kf2 O-O 18.Nf4 Rd7 19.Bd3 h6 20.Rac1 Bd6 21.Bh7+ 
Kh8 22.Nh5 Qa5 23.g4 Nb4 24.Qb1 Qxa2 25.Qxa2 Nxa2 26.Ra1 Kxh7 27.Rxa2 Be5 
28.b4 Rc8 29.Re1 Bd4 30.Nf4 Rc4 31.Nd3 Rc3 32.Nc5 Bxc5 33.bxc5 f5 34.gxf5 
exf5 35.f4 g5 36.fxg5 f4 37.g6+ Kxg6 38.Rg1+ Kf7 39.Bc1 Re7 0-1

[Event "C.to Italiano U14 Finale"]
[Site "Porto San Giorgio ITA"]
[Date "1999.07.??"]
[Round "1"]
[White "Pulito, Alberto"]
[Black "Berni, Giorgio"]
[Result "1/2-1/2"]
[WhiteElo "2097"]
[BlackElo "1665"]
[PlyCount "31"]
[EventDate "1999.07.05"]

1.e4 c5 2.c3 d6 3.d4 Nf6 4.f3 Nc6 5.Be3 e6 6.Bd3 Be7 7.Ne2 O-O 8.O-O Rb8 
9.h3 b5 10.f4 c4 11.Bc2 d5 12.e5 Ne8 13.g4 f5 14.gxf5 exf5 15.Nd2 g6 16.
Nf3 1/2-1/2

[Event "C.to Italiano U14 Finale"]
[Site "Porto San Giorgio ITA"]
[Date "1999.07.??"]
[Round "2"]
[White "Forato, Piero"]
[Black "Pulito, Alberto"]
[Result "0-1"]
[WhiteElo "1665"]
[BlackElo "2097"]
[PlyCount "68"]
[EventDate "1999.07.05"]

1.e4 e6 2.d4 d5 3.Nc3 Nc6 4.Nf3 Nf6 5.Bg5 Be7 6.Bxf6 Bxf6 7.e5 Be7 8.Be2 
f6 9.exf6 Bxf6 10.O-O O-O 11.Re1 a6 12.a4 Qd6 13.Bf1 Qb4 14.Ne2 Qxb2 15.
Rb1 Qa3 16.Ra1 Qd6 17.Ng3 e5 18.dxe5 Nxe5 19.Nxe5 Bxe5 20.Rb1 Bxg3 21.hxg3
c6 22.Bd3 Qf6 23.Qe2 b5 24.axb5 axb5 25.Rb4 Ra4 26.Rxa4 bxa4 27.c4 Ba6 28.
Rf1 Qc3 29.Qe6+ Kh8 30.Bxh7 Qf6 31.Qh3 Qh6 32.Qxh6 gxh6 33.Bc2 Bxc4 34.Re1
a3 0-1

[Event "C.to Italiano U14 Finale"]
[Site "Porto San Giorgio ITA"]
[Date "1999.07.??"]
[Round "2"]
[White "Lapiccirella, Daniele"]
[Black "Berni, Giorgio"]
[Result "1-0"]
[WhiteElo "1891"]
[BlackElo "1665"]
[PlyCount "93"]
[EventDate "1999.07.05"]

1.d4 Nf6 2.c4 g6 3.Nc3 Bg7 4.e4 d6 5.f3 O-O 6.Be3 e5 7.d5 c6 8.Bd3 Nbd7 9.
Nge2 cxd5 10.cxd5 a6 11.O-O b5 12.b4 Nb6 13.a4 bxa4 14.Nxa4 Nxa4 15.Rxa4 
Bb7 16.Qb3 Ne8 17.Rc1 f5 18.exf5 gxf5 19.Qa2 Nf6 20.Bxf5 Bxd5 21.Be6+ Bxe6
22.Qxe6+ Kh8 23.Rc6 Qb8 24.Qxd6 Qb5 25.Nc3 Qb7 26.Rc7 Qxc7 27.Qxc7 Rac8 
28.Qb7 Rxc3 29.Bc5 Rd8 30.Ra2 e4 31.Qb6 Rdd3 32.Qb8+ Ng8 33.fxe4 Rc4 34.
Qe8 h6 35.Kf2 Kh7 36.Qe6 Rc1 37.Qf5+ Kh8 38.h3 Rdd1 39.Kg3 Rf1 40.Qe6 Rf6 
41.Qe8 Kh7 42.Kh2 Rff1 43.Rf2 Rh1+ 44.Kg3 Nf6 45.Rxf6 Rxc5 46.Qg6+ Kh8 47.
bxc5 1-0

[Event "C.to Italiano U14 Finale"]
[Site "Porto San Giorgio ITA"]
[Date "1999.07.??"]
[Round "3"]
[White "Berni, Giorgio"]
[Black "Forato, Piero"]
[Result "1/2-1/2"]
[WhiteElo "1665"]
[BlackElo "1665"]
[PlyCount "41"]
[EventDate "1999.07.05"]

1.e4 c5 2.Nf3 d6 3.d4 cxd4 4.Nxd4 Nf6 5.Nc3 a6 6.Be2 e5 7.Nf3 h6 8.O-O Be7
9.h3 Be6 10.Re1 Nbd7 11.Bf1 Qc7 12.Be3 b5 13.Bd3 Rc8 14.Ne2 Nb6 15.Bxb6 
Qxb6 16.Ng3 O-O 17.Qe2 Rc6 18.Nh4 g6 19.Qe3 Qxe3 20.Rxe3 d5 21.Nf3 1/2-1/2

[Event "C.to Italiano U14 Finale"]
[Site "Porto San Giorgio ITA"]
[Date "1999.07.??"]
[Round "3"]
[White "Pulito, Alberto"]
[Black "Lapiccirella, Daniele"]
[Result "1-0"]
[WhiteElo "2097"]
[BlackElo "1891"]
[PlyCount "83"]
[EventDate "1999.07.05"]

1.e4 c5 2.c3 d5 3.exd5 Qxd5 4.d4 e6 5.Nf3 Nf6 6.Be2 Nc6 7.O-O cxd4 8.cxd4 
Be7 9.Nc3 Qd8 10.a3 O-O 11.Be3 b6 12.Ne5 Bb7 13.Bf3 Rc8 14.Qa4 Nd5 15.Nxd5
exd5 16.Rac1 Nxe5 17.dxe5 a6 18.Rxc8 Bxc8 19.Qc6 d4 20.Rd1 dxe3 21.Rxd8 
exf2+ 22.Kxf2 Bxd8 23.g3 Be6 24.Be4 a5 25.Kf3 g6 26.g4 Kg7 27.Kg3 Rh8 28.
h4 h5 29.g5 Rf8 30.Bd5 Bxd5 31.Qxd5 Bc7 32.Kf3 Bd8 33.Qd7 Kg8 34.Ke4 Kh8 
35.Kd5 Kg8 36.b3 Kh8 37.a4 Kg8 38.Kd6 Kh8 39.Qb5 Kg8 40.Kd7 Kh8 41.Qd5 Kg8
42.Qd6 1-0

[Event "C.to Italiano U14 femminile Finale"]
[Site "Porto San Giorgio ITA"]
[Date "1999.07.??"]
[Round "1"]
[White "Costantini, Laura"]
[Black "Luzietti, Camilla"]
[Result "0-1"]
[WhiteElo "1558"]
[BlackElo "1458"]
[PlyCount "48"]
[EventDate "1999.07.05"]

1.e4 e5 2.Bc4 d6 3.Nc3 Nc6 4.Nf3 Bg4 5.d3 Nf6 6.Nd5 h6 7.c3 a6 8.Qb3 b5 9.
Nxf6+ Qxf6 10.Bd5 Bd7 11.a4 Na5 12.Qb4 c6 13.Bxf7+ Qxf7 14.Qxa5 Bg4 15.Qb6
Bd7 16.axb5 Qb3 17.Rxa6 Rxa6 18.Qxa6 Qxb5 19.Qxb5 cxb5 20.Be3 Be7 21.O-O 
O-O 22.Ra1 Bg4 23.Ra7 Bd8 24.Rd7 Bxd7 0-1

[Event "C.to Italiano U14 femminile Finale"]
[Site "Porto San Giorgio ITA"]
[Date "1999.07.??"]
[Round "1"]
[White "Pili, Erika"]
[Black "Matta, Francesca"]
[Result "1-0"]
[WhiteElo "1458"]
[BlackElo "1386"]
[PlyCount "83"]
[EventDate "1999.07.05"]

1.e4 e5 2.Nf3 Nc6 3.Bc4 d6 4.d4 Bg4 5.h3 Bh5 6.Qd3 Nf6 7.Qb3 Qc8 8.Be3 
Nxe4 9.Ng5 Nxg5 10.Bxg5 Nxd4 11.Qc3 Bg6 12.O-O h6 13.Bh4 Nxc2 14.Na3 Nxa1 
15.Rxa1 Qd7 16.Nb5 c6 17.Qa5 b6 18.Qa4 d5 19.Rd1 d4 20.Nxd4 exd4 21.Re1+ 
Be7 22.Rxe7+ Qxe7 23.Qxc6+ Kf8 24.Bxe7+ Kxe7 25.Qc7+ Kf8 26.Bd5 Re8 27.f4 
d3 28.Bb3 Kg8 29.Qd7 Re2 30.f5 Bh5 31.g4 d2 32.gxh5 Kh7 33.Bxf7 Rf8 34.Bb3
Rfe8 35.Qd3 Re1+ 36.Kf2 Rh1 37.f6+ Kh8 38.fxg7+ Kxg7 39.Qg6+ Kh8 40.Qxe8+ 
Kg7 41.Qf7+ Kh8 42.Qg8# 1-0

[Event "C.to Italiano U14 femminile Finale"]
[Site "Porto San Giorgio ITA"]
[Date "1999.07.??"]
[Round "2"]
[White "Matta, Francesca"]
[Black "Luzietti, Camilla"]
[Result "0-1"]
[WhiteElo "1386"]
[BlackElo "1458"]
[PlyCount "134"]
[EventDate "1999.07.05"]

1.e4 e5 2.Nf3 d6 3.Bc4 Be7 4.Nc3 Nf6 5.h3 O-O 6.O-O h6 7.d4 Nbd7 8.Be3 b6 
9.d5 Bb7 10.a4 a6 11.a5 b5 12.Bd3 c5 13.Nh2 Rc8 14.f4 b4 15.Na2 Qxa5 16.
Nc3 Qb6 17.Na4 Qd8 18.Qe2 Ra8 19.Ng4 Nxg4 20.Qxg4 Nf6 21.Qg3 Nh5 22.Qg4 
exf4 23.Bxf4 Nxf4 24.Rxf4 Bg5 25.Rff1 Bc8 26.Qe2 Bf6 27.c3 bxc3 28.Nxc3 
Qb6 29.Ra2 c4+ 30.Kh1 cxd3 31.Qxd3 Bxc3 32.Qxc3 Bb7 33.Rd1 Rac8 34.Qg3 
Rfe8 35.Ra4 Qxb2 36.Qxd6 Qc2 37.Rda1 Rxe4 38.Qd7 Rxa4 39.Rxa4 Qd1+ 40.Kh2 
Qxd5 41.Qxd5 Bxd5 42.Rxa6 Rc2 43.h4 Bxg2 44.Ra1 Be4+ 45.Kh3 Bg6 46.Rg1 Kh7
47.Rg2 Rxg2 48.Kxg2 h5 49.Kg3 Bf5 50.Kf4 Kg6 51.Kg3 Bg4 52.Kf4 Kf6 53.Kg3 
Ke5 54.Kf2 f5 55.Kg3 f4+ 56.Kf2 Ke4 57.Kg2 Ke3 58.Kf1 f3 59.Kg1 f2+ 60.Kg2
Bh3+ 61.Kxh3 f1=Q+ 62.Kh2 Qf6 63.Kh3 Kf3 64.Kh2 Qxh4+ 65.Kg1 Qe1+ 66.Kh2 
Qg3+ 67.Kh1 Qg2# 0-1

[Event "C.to Italiano U14 femminile Finale"]
[Site "Porto San Giorgio ITA"]
[Date "1999.07.??"]
[Round "2"]
[White "Pili, Erika"]
[Black "Costantini, Laura"]
[Result "0-1"]
[WhiteElo "1458"]
[BlackElo "1558"]
[PlyCount "100"]
[EventDate "1999.07.05"]

1.e4 c6 2.Nf3 d5 3.exd5 cxd5 4.d4 Bg4 5.Be2 Nf6 6.Nc3 e6 7.Ne5 Bxe2 8.Qxe2
Nc6 9.Bf4 Nxd4 10.Qd3 Nc6 11.Nb5 Qa5+ 12.Bd2 Qb6 13.Be3 Nxe5 14.Bxb6 Nxd3+
15.cxd3 axb6 16.Nc7+ Kd7 17.Nxa8 Bb4+ 18.Kf1 Rxa8 19.a3 Bc5 20.g3 Bd4 21.
Rb1 Rc8 22.Kg2 Rc2 23.Rhf1 Ng4 24.Kh3 Nxf2+ 25.Kh4 Bf6+ 26.Kh5 g6+ 27.Kh6 
Ng4+ 28.Kxh7 Rc8 29.Rxf6 Nxf6+ 30.Kh6 Ke7 31.Kg5 Rh8 32.Rc1 Rh5+ 33.Kf4 
Rxh2 34.Rc7+ Nd7 35.a4 Rxb2 36.Rxb7 Ra2 37.Ra7 f6 38.d4 e5+ 39.dxe5 fxe5+ 
40.Ke3 Ra3+ 41.Kf2 d4 42.g4 e4 43.g5 Ra2+ 44.Ke1 d3 45.a5 e3 46.axb6 Rxa7 
47.bxa7 Nb6 48.Kd1 Ke6 49.Kc1 Ke5 50.Kd1 Kf4 0-1

[Event "C.to Italiano U14 femminile Finale"]
[Site "Porto San Giorgio ITA"]
[Date "1999.07.??"]
[Round "3"]
[White "Costantini, Laura"]
[Black "Matta, Francesca"]
[Result "1/2-1/2"]
[WhiteElo "1558"]
[BlackElo "1386"]
[PlyCount "28"]
[EventDate "1999.07.05"]

1.e4 e5 2.Bc4 Bc5 3.Nc3 Nc6 4.d3 d6 5.Nge2 Bg4 6.O-O Nge7 7.Kh1 Qd7 8.Qe1 
Ng6 9.f4 O-O-O 10.f5 Nge7 11.Ng1 Nd4 12.Qh4 Nxc2 13.Qxg4 Nxa1 14.Qd1 Nc6 
1/2-1/2

[Event "C.to Italiano U14 femminile Finale"]
[Site "Porto San Giorgio ITA"]
[Date "1999.07.??"]
[Round "3"]
[White "Luzietti, Camilla"]
[Black "Pili, Erika"]
[Result "1/2-1/2"]
[WhiteElo "1458"]
[BlackElo "1458"]
[PlyCount "77"]
[EventDate "1999.07.05"]

1.e4 e5 2.Nf3 Nc6 3.Bc4 Bc5 4.d3 h6 5.Nc3 a6 6.O-O Nf6 7.h3 O-O 8.a3 d6 9.
b4 Ba7 10.Re1 Nh7 11.Rf1 Kh8 12.Be3 Nd4 13.Bxd4 Bxd4 14.Nxd4 exd4 15.Ne2 
c5 16.bxc5 dxc5 17.Ng3 f5 18.exf5 Bxf5 19.Nxf5 Rxf5 20.Rb1 b5 21.Be6 Rf6 
22.Bg4 Qd5 23.Bf3 Rxf3 24.Qxf3 Qxf3 25.gxf3 Ng5 26.Kg2 Rf8 27.Rbe1 Rxf3 
28.Rh1 Rf6 29.Re5 Rg6 30.Kf1 c4 31.Ke2 Rf6 32.h4 Nf3 33.Re4 Kh7 34.Rg4 h5 
35.Re4 c3 36.Re7 Kh6 37.Re4 Kg6 38.Re7 Kh6 39.Re4 1/2-1/2

[Event "IV Festival Terra del Salento A"]
[Site "Gallipoli ITA"]
[Date "1999.06.??"]
[Round "?"]
[White "Laketic, Gojko"]
[Black "Rotelli, Pietro"]
[Result "0-1"]
[WhiteElo "2396"]
[BlackElo "1767"]
[PlyCount "124"]
[EventDate "1999.06.04"]

1. d4 d5 2. c4 c6 3. Nf3 Nf6 4. Qc2 e6 5. Bg5 Nbd7 6. e3 Qa5+ 7. Nc3 Ne4 8.
cxd5 exd5 9. Bd3 Ndf6 10. O-O Nxg5 11. Nxg5 h6 12. Nf3 Bd6 13. h3 O-O 14. Ne5
Bxe5 15. dxe5 Ne4 16. Bxe4 dxe4 17. Qxe4 Re8 18. f4 Be6 19. Rad1 Rad8 20. Rxd8
Rxd8 21. f5 Bd5 22. Qf4 Qc5 23. f6 g5 24. Qd4 Qa5 25. Rd1 Rd7 26. Ne4 Be6 27.
Nd6 Qxa2 28. h4 Qd5 29. hxg5 Qxd4 30. exd4 hxg5 31. Ra1 a6 32. Ra3 Kh7 33. Kf2
Kg6 34. Ke3 Bd5 35. Kf2 Rc7 36. g4 Be6 37. Kg3 c5 38. Rc3 c4 39. Rc2 b5 40. Rh2
c3 41. Rc2 b4 42. d5 b3 43. dxe6 bxc2 44. e7 c1=Q 45. e8=Q Qf4+ 46. Kh3 Qf3+
47. Kh2 Qf2+ 48. Kh1 Qh4+ 49. Kg2 Qxg4+ 50. Kh2 Qe2+ 51. Kg3 Qd3+ 52. Kg4 Rc4+
53. Nxc4 Qxc4+ 54. Kg3 cxb2 55. Qb8 Qd3+ 56. Kg4 Qe4+ 57. Kg3 b1=Q 58. Qg8+ Kf5
59. Qc8+ Kxe5 60. Qe8+ Kxf6 61. Qd8+ Kg7 62. Qxg5+ Qg6 0-1

[Event "IV Festival Terra del Salento A"]
[Site "Gallipoli ITA"]
[Date "1999.06.??"]
[Round "?"]
[White "Piscopo, Pierluigi"]
[Black "Luciani, Valerio"]
[Result "1/2-1/2"]
[WhiteElo "2039"]
[BlackElo "2238"]
[PlyCount "39"]
[EventDate "1999.06.04"]

1. d4 d5 2. c4 e6 3. Nc3 c5 4. cxd5 exd5 5. Nf3 Nc6 6. g3 Nf6 7. Bg2 Be7 8. O-O
O-O 9. b3 Ne4 10. Bb2 Bf6 11. Nxe4 dxe4 12. Nd2 Bf5 13. Nxe4 Bxd4 14. Bxd4 cxd4
15. Rc1 Rc8 16. Rc5 Bxe4 17. Bxe4 Qe7 18. Qc2 Nb4 19. Bxh7+ Kh8 20. Rh5 1/2-1/2

[Event "IV Festival Terra del Salento A"]
[Site "Gallipoli ITA"]
[Date "1999.06.??"]
[Round "?"]
[White "Venturelli, Roberto"]
[Black "Manni, Stefano"]
[Result "1-0"]
[WhiteElo "1761"]
[BlackElo "1693"]
[PlyCount "54"]
[EventDate "1999.06.04"]

1. e4 c5 2. Nf3 e6 3. d4 cxd4 4. Nxd4 a6 5. g3 Nf6 6. Bg2 Qc7 7. O-O Nc6 8. Be3
d6 9. Nc3 Nxd4 10. Bxd4 e5 11. Be3 b5 12. h3 Bb7 13. a3 Qc4 14. Nd5 Nxd5 15.
exd5 Rc8 16. c3 Be7 17. Re1 O-O 18. Rc1 f5 19. b3 Qc7 20. c4 Qd7 21. Qh5 f4 22.
gxf4 g6 23. Qh6 exf4 24. Bxf4 Bf6 25. Bg5 Bd4 26. Re7 Qxe7 27. Bxe7 Rxf2 1-0

[Event "IV Festival Terra del Salento A"]
[Site "Gallipoli ITA"]
[Date "1999.06.06"]
[Round "6"]
[White "Venturelli, Roberto"]
[Black "Tommaselli, Giacomo"]
[Result "0-1"]
[WhiteElo "1761"]
[BlackElo "1762"]
[PlyCount "90"]
[EventDate "1999.06.04"]

1. Nf3 Nf6 2. c4 d6 3. d4 g6 4. Nc3 Bg7 5. e4 O-O 6. Be2 e5 7. d5 h6 8. O-O Ne8
9. Ne1 Nd7 10. Bg4 Nef6 11. Bh3 Nc5 12. Bxc8 Qxc8 13. f3 Nh5 14. Be3 Nd7 15.
Nd3 a6 16. b4 Qe8 17. c5 f5 18. a4 f4 19. Bf2 Ndf6 20. b5 Rc8 21. Qb3 axb5 22.
Nxb5 Qd7 23. Rfd1 Kh7 24. Rac1 g5 25. c6 bxc6 26. Rxc6 g4 27. Ne1 g3 28. hxg3
fxg3 29. Be3 Nf4 30. Bxf4 exf4 31. Rdc1 Ne8 32. Qd3 Be5 33. Kf1 h5 34. Nd4 Kg6
35. Ne2 h4 36. Ng1 Nf6 37. a5 Nh7 38. Nh3 Ng5 39. Nxg5 Kxg5 40. Qc2 h3 41. gxh3
Qxh3+ 42. Qg2 Qd7 43. Qc2 Rh8 44. Rxc7 Rh1+ 45. Ke2 Rh2+ 0-1

[Event "C.to Regionale Sicilia"]
[Site "San Cataldo ITA"]
[Date "1999.05.??"]
[Round "?"]
[White "Amato, Glauco"]
[Black "De Marco, Ivan"]
[Result "0-1"]
[WhiteElo "1633"]
[BlackElo "1775"]
[PlyCount "63"]
[EventDate "1999.05.22"]

1. e4 e5 2. Nf3 Nc6 3. Bb5 a6 4. Ba4 Nf6 5. O-O Be7 6. c3 b5 7. Bc2 O-O 8. d4
d6 9. h3 Bd7 10. Re1 Qe8 11. Kh2 Nd8 12. Nbd2 c5 13. b3 Nc6 14. Ba3 exd4 15.
cxd4 b4 16. Bb2 d5 17. e5 Ne4 18. Qe2 Qc8 19. Nf1 Qc7 20. Ne3 g5 21. Bd3 g4 22.
Nxd5 gxf3 23. Nxe7+ Nxe7 24. gxf3 Nc3 25. Bxc3 bxc3 26. Rg1+ Kh8 27. d5 Qxe5+
28. Rg3 Qxe2 29. Bxe2 Nxd5 30. Bc4 f5 31. Kg2 Nf4+ 32. Kh1 0-1

[Event "C.to Regionale Sicilia"]
[Site "San Cataldo ITA"]
[Date "1999.05.??"]
[Round "?"]
[White "Amico, Rosario"]
[Black "Tripodo, Roberto"]
[Result "1/2-1/2"]
[WhiteElo "1609"]
[BlackElo "1720"]
[PlyCount "96"]
[EventDate "1999.05.22"]

1. d4 Nf6 2. c4 e6 3. Nf3 d5 4. Nc3 Be7 5. cxd5 exd5 6. Qc2 O-O 7. Bg5 h6 8.
Bh4 Re8 9. e3 c6 10. Bd3 Be6 11. O-O-O Nbd7 12. h3 c5 13. g4 c4 14. Bf5 a6 15.
g5 Bxf5 16. Qxf5 g6 17. Qc2 hxg5 18. Bxg5 b5 19. a3 Qb8 20. Bf4 Bd6 21. Ne5
Nxe5 22. dxe5 Bxe5 23. Bxe5 Rxe5 24. Rhg1 Kh7 25. h4 Rh5 26. Rg5 Rxh4 27. Nxd5
Nxd5 28. Rgxd5 Qb7 29. Rd7 Qf3 30. Rg1 Kh6 31. Qd2 Rh1 32. e4+ Kg7 33. Qd4+ Kg8
34. Rxh1 Qxh1+ 35. Kc2 Re8 36. e5 Qf3 37. Kd2 Qf5 38. f4 Qh3 39. Rd6 a5 40. Rd5
Qg2+ 41. Kc1 Qf1+ 42. Kc2 b4 43. Rxa5 b3+ 44. Kc3 Qc1+ 45. Kb4 Rb8+ 46. Rb5
Rxb5+ 47. Kxb5 c3 48. Qd8+ Kh7 1/2-1/2

[Event "C.to Regionale Sicilia"]
[Site "San Cataldo ITA"]
[Date "1999.05.??"]
[Round "?"]
[White "Calamera, Michele"]
[Black "Amico, Rosario"]
[Result "1/2-1/2"]
[WhiteElo "1720"]
[BlackElo "1609"]
[PlyCount "127"]
[EventDate "1999.05.22"]

1. e4 c5 2. Nf3 d6 3. d4 cxd4 4. Nxd4 Nf6 5. Nc3 g6 6. Be3 Bg7 7. f3 O-O 8. Qd2
Nc6 9. Bc4 Bd7 10. O-O-O Ne5 11. Bb3 Rc8 12. h4 h5 13. Bh6 Nc4 14. Bxc4 Rxc4
15. Bxg7 Kxg7 16. Kb1 Qc7 17. Nde2 Rc8 18. Rc1 b5 19. a3 a5 20. Na2 b4 21. axb4
axb4 22. b3 Rc5 23. Kb2 Rb8 24. Nxb4 Qa5 25. c3 Be6 26. Ra1 Qb6 27. Nd4 Bd7 28.
Na6 Rb7 29. Nxc5 dxc5 30. Ne2 Qxb3+ 31. Kc1 Ba4 32. Qa2 Qxa2 33. Rxa2 Bb3 34.
Rb2 Nd7 35. f4 c4 36. Kd2 Nc5 37. Ke3 Nd3 38. Rbb1 e5 39. fxe5 Nxe5 40. Nd4
Ng4+ 41. Kf4 Nf2 42. Rhf1 Nd3+ 43. Ke3 Nc5 44. Nxb3 Nxb3 45. Rf2 Re7 46. Kf4
Nc5 47. Re2 f5 48. e5 Nd3+ 49. Kf3 Nxe5+ 50. Kg3 Kf6 51. Rbe1 f4+ 52. Kh3 Kf5
53. Re4 Re6 54. g3 fxg3 55. Kxg3 Kf6 56. Rf1+ Ke7 57. Kf4 Rf6+ 58. Kxe5 Rxf1
59. Kd5+ Kd7 60. Kxc4 Rg1 61. Kd5 g5 62. hxg5 Rxg5+ 63. Re5 Rxe5+ 64. Kxe5
1/2-1/2

[Event "C.to Regionale Sicilia"]
[Site "San Cataldo ITA"]
[Date "1999.05.??"]
[Round "?"]
[White "Tondo, Salvatore"]
[Black "Amico, Rosario"]
[Result "1-0"]
[WhiteElo "1794"]
[BlackElo "1609"]
[PlyCount "131"]
[EventDate "1999.05.22"]

1. e4 c5 2. d4 cxd4 3. c3 dxc3 4. Nxc3 Nc6 5. Nf3 d6 6. Bc4 Nf6 7. e5 dxe5 8.
Qxd8+ Kxd8 9. Ng5 Na5 10. Bxf7 h6 11. Nf3 Nc6 12. O-O e6 13. Rd1+ Ke7 14. Bg6
Nd5 15. Nxd5+ exd5 16. Rxd5 Kf6 17. Be4 Be6 18. Rb5 Rd8 19. Be3 Rd7 20. Bxc6
bxc6 21. Ra5 Bb4 22. Rxa7 Rxa7 23. Bxa7 Ra8 24. Bb6 Rxa2 25. Rxa2 Bxa2 26. Bc7
e4 27. Be5+ Kf7 28. Nd4 Bd5 29. Nc2 Bd2 30. Bc3 Bc1 31. Kf1 g6 32. g3 Bc4+ 33.
Ke1 Ke6 34. Nd4+ Kd5 35. Ne2 Bg5 36. Ng1 Be7 37. h4 Bd6 38. Nh3 Bd3 39. Bg7 h5
40. Kd2 Kc4 41. Ng5 Bb4+ 42. Bc3 Bc5 43. Ke1 Kb3 44. Nf7 Kc2 45. Ne5 e3 46.
fxe3 Be4 47. Kf2 Bd6 48. Nc4 Bf8 49. Nd2 Bf5 50. e4 Be6 51. Ke3 Bc5+ 52. Kf4
Bd6+ 53. e5 Be7 54. Nf3 Kd3 55. Nd4 Bd5 56. Nf3 Be6 57. Ne1+ Kc4 58. Ng2 Kd3
59. Ba5 Kc2 60. Bc3 Kd3 61. Ne1+ Kc4 62. Nc2 Kd3 63. Nd4 Bd5 64. e6 c5 65. Nb5
Bxe6 66. Nc7 1-0

[Event "III Open"]
[Site "Teramo ITA"]
[Date "1999.04.??"]
[Round "1"]
[White "Barbero, Gerardo F."]
[Black "Tribuiani, Renato"]
[Result "1-0"]
[WhiteElo "2462"]
[BlackElo "2137"]
[PlyCount "91"]
[EventDate "1999.04.22"]

1. d4 d5 2. c4 e6 3. Nc3 f5 4. Nf3 c6 5. g3 Bd6 6. Bg2 Nf6 7. O-O O-O 8. Qc2
Ne4 9. Rb1 Bd7 10. c5 Bc7 11. b4 Be8 12. a4 Nd7 13. Rd1 Bg6 14. Rb3 f4 15. Nxe4
Bxe4 16. Qc3 fxg3 17. hxg3 Qf6 18. b5 Rab8 19. Be3 Qd8 20. Ng5 Bf5 21. Bd2 h6
22. Nf3 g5 23. a5 Qf6 24. Be3 Qg6 25. Ra1 a6 26. bxc6 bxc6 27. Rb6 Bxb6 28.
axb6 Ra8 29. Nd2 Nf6 30. Nb3 Qh5 31. f3 Bh3 32. Bh1 g4 33. f4 Qf5 34. Qd3 h5
35. Na5 Qxd3 36. exd3 Rac8 37. b7 Rc7 38. f5 Nd7 39. Bf4 e5 40. dxe5 Nxc5 41.
e6 Rxb7 42. Nxb7 Nxb7 43. Rb1 Na5 44. Re1 Nb3 45. f6 Nd4 46. f7+ 1-0

[Event "III Open"]
[Site "Teramo ITA"]
[Date "1999.04.??"]
[Round "1"]
[White "Ciolac, Gheorghe"]
[Black "Calandri, Fausto"]
[Result "1-0"]
[WhiteElo "2389"]
[BlackElo "2085"]
[PlyCount "61"]
[EventDate "1999.04.22"]

1. e4 e6 2. d4 d5 3. Nc3 Bb4 4. e5 c5 5. Bd2 Ne7 6. dxc5 O-O 7. Bd3 Nec6 8. Nf3
f6 9. exf6 Qxf6 10. O-O h6 11. Nb5 Nd7 12. Bxb4 Nxb4 13. Qe2 Nxc5 14. Ne5 Nc6
15. f4 Qd8 16. Qe3 Nxd3 17. cxd3 a6 18. Nd4 Nxe5 19. Qxe5 Qf6 20. Rac1 Bd7 21.
Rc7 Qxe5 22. fxe5 Bb5 23. Rxf8+ Rxf8 24. Nxb5 axb5 25. Rxb7 Rf5 26. Rxb5 Rxe5
27. a4 Re3 28. d4 Kh7 29. a5 Re4 30. a6 Rxd4 31. Ra5 1-0

[Event "III Open"]
[Site "Teramo ITA"]
[Date "1999.04.??"]
[Round "1"]
[White "Costantini, Roberto"]
[Black "Badea, Bela"]
[Result "0-1"]
[WhiteElo "2158"]
[BlackElo "2479"]
[PlyCount "50"]
[EventDate "1999.04.22"]

1. e4 g6 2. d4 d6 3. Nc3 c6 4. Bg5 Qb6 5. Qd2 Qxb2 6. Rb1 Qa3 7. f4 f6 8. Bh4
Bh6 9. Rb3 Qa5 10. Nf3 e5 11. dxe5 dxe5 12. Qd6 Bf8 13. Qd2 exf4 14. Bc4 Nd7
15. Bxg8 Rxg8 16. O-O Bc5+ 17. Kh1 g5 18. e5 Nxe5 19. Qe2 Be7 20. Bxg5 Rxg5 21.
Nxg5 fxg5 22. Rb5 cxb5 23. Qxe5 Kf7 24. Re1 Qd8 25. Nd5 Bf8 0-1

[Event "III Open"]
[Site "Teramo ITA"]
[Date "1999.04.??"]
[Round "1"]
[White "Delchev, Aleksander"]
[Black "Di Gianni, Rocco"]
[Result "1-0"]
[WhiteElo "2548"]
[BlackElo "2185"]
[PlyCount "55"]
[EventDate "1999.04.22"]

1. e4 e6 2. d4 d5 3. Nd2 c5 4. exd5 exd5 5. Ngf3 Nf6 6. Bb5+ Bd7 7. Bxd7+ Nbxd7
8. O-O Be7 9. dxc5 Nxc5 10. Re1 O-O 11. Nf1 Re8 12. Be3 a5 13. Nd4 Qd7 14. Qf3
Bf8 15. Nf5 Ne6 16. Rad1 Qc7 17. c3 a4 18. a3 Rad8 19. N1g3 Rd7 20. h4 Qc4 21.
Nh6+ Kh8 22. Bg5 Nxg5 23. hxg5 Ne4 24. Nxe4 gxh6 25. Nf6 Rxe1+ 26. Rxe1 Re7 27.
Rxe7 Bxe7 28. Qf5 1-0

[Event "III Open"]
[Site "Teramo ITA"]
[Date "1999.04.??"]
[Round "1"]
[White "Foglia, Maurizio"]
[Black "Contin, Daniel"]
[Result "1/2-1/2"]
[WhiteElo "2080"]
[BlackElo "2372"]
[PlyCount "102"]
[EventDate "1999.04.22"]

1. e4 e6 2. d4 d5 3. Nd2 c5 4. exd5 exd5 5. Ngf3 Nf6 6. dxc5 Bxc5 7. Nb3 Bb6 8.
Nbd4 O-O 9. Be2 Nc6 10. c3 Re8 11. O-O Qd6 12. h3 Ne4 13. Bb5 Bd7 14. Bd3 Rad8
15. Be3 Qg6 16. Nh4 Qf6 17. Nhf3 h6 18. Re1 Bc7 19. Nxc6 bxc6 20. Nd2 Qg6 21.
Qf3 Re5 22. Nf1 Rf5 23. Bxe4 dxe4 24. Qxe4 c5 25. Rad1 Re8 26. Qg4 Be6 27. Qxg6
fxg6 28. Nd2 c4 29. Bxa7 Ra5 30. Bd4 Kf7 31. Ra1 Rb8 32. b3 Rba8 33. Nxc4 Rxa2
34. Rxa2 Rxa2 35. g4 h5 36. Be5 Bd8 37. Nd6+ Ke7 38. b4 Kd7 39. Ne4 Bh4 40.
Rd1+ Ke8 41. Nc5 Bxf2+ 42. Kh1 Bxc5 43. bxc5 hxg4 44. hxg4 Bxg4 45. Rd6 Re2 46.
Bxg7 Re6 47. Kg2 Rxd6 48. cxd6 Kd7 49. Be5 Be2 50. Kf2 Bb5 51. Ke3 Bc6 1/2-1/2

[Event "III Open"]
[Site "Teramo ITA"]
[Date "1999.04.??"]
[Round "1"]
[White "Gardon, Ermanno"]
[Black "Mrdja, Milan"]
[Result "1/2-1/2"]
[WhiteElo "2106"]
[BlackElo "2410"]
[PlyCount "48"]
[EventDate "1999.04.22"]

1. e4 c5 2. Nf3 d6 3. d4 cxd4 4. Nxd4 Nf6 5. Nc3 a6 6. f4 Nbd7 7. Bd3 g6 8. Nf3
Bg7 9. O-O O-O 10. a4 Nc5 11. Kh1 Bg4 12. Qe1 Bxf3 13. Rxf3 Rc8 14. Bd2 Nxd3
15. Rxd3 Nd7 16. Qh4 Re8 17. Rh3 Nf8 18. f5 Bf6 19. Qg3 Nd7 20. Qf4 Nf8 21. Rf1
Be5 22. Qh4 Bf6 23. Qf4 Be5 24. Qh4 Bf6 1/2-1/2